Haddad and Winchester's clinical management of poisoning and drug overdose / (Record no. 17466)
[ view plain ]
| 000 -LEADER | |
|---|---|
| fixed length control field | 01016cam a22002894a 4500 |
| 020 ## - INTERNATIONAL STANDARD BOOK NUMBER | |
| ISBN | 9780721606934 |
| 020 ## - INTERNATIONAL STANDARD BOOK NUMBER | |
| ISBN | 0721606938 |
| 040 ## - CATALOGING SOURCE | |
| Transcribing agency | DLC |
| 082 00 - DEWEY DECIMAL CLASSIFICATION NUMBER | |
| Classification number | 615 SAU 2007 A115 Or. |
| 245 00 - TITLE STATEMENT | |
| Title | Haddad and Winchester's clinical management of poisoning and drug overdose / |
| 246 30 - VARYING FORM OF TITLE | |
| Title proper/short title | Clinical management of poisoning and drug overdose |
| 250 ## - EDITION STATEMENT | |
| Edition statement | 4th ed. |
| 260 ## - PUBLICATION, DISTRIBUTION, ETC. (IMPRINT) | |
| Place of publication | Philadelphia : |
| Name of publisher | Saunders/Elsevier, |
| Year of publication | c2007. |
| 300 ## - PHYSICAL DESCRIPTION | |
| Number of Pages | xxvi, 1559 p. : |
| Other physical details | ill. (some col.) ; |
| Dimensions | 29 cm. |
| 500 ## - GENERAL NOTE | |
| General note | Rev. ed. of: Clinical management of poisoning and drug overdose / [edited by] Lester M. Haddad, Michael W. Shannon, James F. Winchester. 3rd ed. c1998. |
| 650 #0 - SUBJECT ADDED ENTRY--TOPICAL TERM | |
| Topical Term | Poisoning. |
| 650 #0 - SUBJECT ADDED ENTRY--TOPICAL TERM | |
| Topical Term | Medication abuse. |
| 650 #0 - SUBJECT ADDED ENTRY--TOPICAL TERM | |
| Topical Term | Drugs |
| 650 12 - SUBJECT ADDED ENTRY--TOPICAL TERM | |
| Topical Term | Poisoning |
| 700 1# - ADDED ENTRY--PERSONAL NAME | |
| Personal name | Shannon, Michael W. |
| 700 1# - ADDED ENTRY--PERSONAL NAME | |
| Personal name | Borron, Stephen W. |
| 700 1# - ADDED ENTRY--PERSONAL NAME | |
| Personal name | Burns, Michael J., |
| 700 1# - ADDED ENTRY--PERSONAL NAME | |
| Personal name | Haddad, Lester M. |
| 700 1# - ADDED ENTRY--PERSONAL NAME | |
| Personal name | Winchester, James F. |
| 856 41 - ELECTRONIC LOCATION AND ACCESS | |
| Uniform Resource Identifier | http://www.loc.gov/catdir/toc/ecip074/2006037454.html |
| 942 ## - ADDED ENTRY ELEMENTS (KOHA) | |
| Koha item type | សៀវភៅភាសាអង់គ្លេស |
No items available.